|
|
|
|
| LEADER |
00000nam a2200000 i 4500 |
| 001 |
28949 |
| 003 |
AGDB |
| 005 |
20260324181533.0 |
| 008 |
220209s2021 spca||| | |o000 0 cat| |
| 015 |
|
|
|a LL2022
|2 bnc
|
| 017 |
|
|
|a B 8065-2021
|b Biblioteca de Catalunya
|
| 040 |
|
|
|a ES-BaBC
|b cat
|e rda
|c ES-BaBC
|
| 043 |
|
|
|a e-sp---
|b e-spcba
|2 catmarc
|
| 080 |
|
|
|a 502.211
|x (460.23 Ba Santa Coloma de Gramenet)
|x (084.12)
|2 2004
|
| 100 |
1 |
|
|a García, José María,
|d 1951-
|e fotògraf
|9 72306
|
| 245 |
1 |
0 |
|a Natura colomenca :
|b Serralada de Marina, riu Besòs, Can Zam i espais verds urbans /
|c fotografies, José María García "Tapi", Sergio Mas Navarro, Tomàs Carrión Bernal ; textos i bibliografia, Tomàs Carrión Bernal, Pere Alzina i Bilbeny, Joan Vicente Castells (in memoriam)
|
| 264 |
|
1 |
|a Santa Coloma de Gramenet :
|b Ajuntament de Santa Coloma de Gramenet ;
|c juny del 2021
|
| 300 |
|
|
|a 293 pàgines :
|b principalment il·lustracions en color ;
|c 22 x 25 cm
|
| 336 |
|
|
|a text
|b txt
|2 rdacontent
|
| 336 |
|
|
|a imatge fixa
|b sti
|2 rdacontent
|
| 337 |
|
|
|a sense mediació
|b n
|2 rdamedia
|
| 338 |
|
|
|a volum
|b nc
|2 rdacarrier
|
| 500 |
|
|
|a A la portada: "Diputació de Barcelona, Xarxa de Parcs Naturals"; "Riu Besòs, 20 anys".
|
| 541 |
|
|
|a Donació de la Subdirecció d'Edificació.
|
| 610 |
2 |
0 |
|a Parc de la Serralada de Marina (Catalunya)
|x Llibres de làmines
|9 72313
|
| 610 |
1 |
0 |
|a Barcelona (Catalunya : Província).
|b Xarxa de Parcs Naturals
|v Llibres de làmines
|9 72316
|
| 650 |
|
0 |
|a Biodiversitat
|z Santa Coloma de Gramenet (Catalunya)
|v Llibres de làmines
|9 72310
|
| 650 |
|
0 |
|a Fauna
|z Santa Coloma de Gramenet (Catalunya)
|v Llibres de làmines
|9 72311
|
| 650 |
|
0 |
|a Flora
|z Santa Coloma de Gramenet (Catalunya)
|v Llibres de làmines
|9 72312
|
| 651 |
|
0 |
|a Besòs (Catalunya : Curs d'aigua)
|x Llibres de làmines
|9 72314
|
| 651 |
|
0 |
|a Parc de Can Zam (Santa Coloma de Gramenet, Catalunya)
|v Llibres de làmines
|9 72315
|
| 700 |
1 |
|
|a Mas Navarro, Sergio,
|d 1966-
|e fotògraf
|9 72307
|
| 700 |
1 |
|
|a Carrión Bernal, Tomàs,
|d 1964-
|e fotògraf,
|e textos
|9 72308
|
| 700 |
1 |
|
|a Alzina i Bilbeny, Pere,
|e textos
|9 72309
|
| 700 |
1 |
|
|a Vicente i Castells, Joan,
|e textos
|9 36374
|
| 710 |
1 |
|
|a Santa Coloma de Gramenet (Catalunya).
|b Ajuntament,
|e entitat editora
|9 52755
|
| 710 |
1 |
|
|a Barcelona (Catalunya : Província).
|b Xarxa de Parcs Naturals
|e entitat col·laboradora
|9 7250
|
| 942 |
|
|
|c MON
|n 1
|
| 952 |
|
|
|0 0
|1 0
|4 0
|6 BIB1340
|7 1
|9 98289
|a Arxiu
|b Arxiu
|d 2025-07-16
|l 0
|o Bib-1340
|p 28949
|r 2025-07-16 00:00:00
|w 2025-07-16
|y ARXIU
|
| 999 |
|
|
|c 130061
|d 130061
|